[Event "Aeroflot Open"]
[Site "Moscow RUS"]
[Date "2002.02.08"]
[Round "6"]
[White "Magomedov,M"]
[Black "Vokarev,S"]
[Result "1/2-1/2"]
[WhiteElo "2596"]
[BlackElo "2507"]
[EventDate "2002.02.04"]

1. e4 c5 2. Nf3 g6 3. d4 cxd4 4. Nxd4 Nc6 5. c4 Bg7 6. Nc2 Nf6 7. Nc3 d6 8.
Be2 Nd7 9. O-O O-O 10. Bd2 a5 11. Rb1 Nc5 12. f3 f5 13. Kh1 fxe4 14. Nxe4
Nxe4 15. fxe4 Rxf1+ 16. Bxf1 Ne5 17. Ne3 Bd7 1/2-1/2

[Event "Aeroflot Open"]
[Site "Moscow RUS"]
[Date "2002.02.08"]
[Round "6"]
[White "Gagunashvili,M"]
[Black "Kovalev,A"]
[Result "1-0"]
[WhiteElo "2486"]
[BlackElo "2575"]
[EventDate "2002.02.04"]

1. d4 Nf6 2. c4 d6 3. Nf3 g6 4. g3 Bg7 5. Bg2 O-O 6. Nc3 Nbd7 7. O-O e5 8.
e4 exd4 9. Nxd4 Nc5 10. h3 Re8 11. Re1 h6 12. Rb1 Bd7 13. b4 Ne6 14. Nxe6
Bxe6 15. Nd5 Nd7 16. Bb2 c6 17. Bxg7 Kxg7 18. Qd4+ Ne5 19. Ne3 Qf6 20. Rbd1
g5 21. Rf1 Bxh3 22. f4 Bxg2 23. Kxg2 gxf4 24. Rxf4 c5 25. Qb2 1-0

[Event "Aeroflot Open"]
[Site "Moscow RUS"]
[Date "2002.02.08"]
[Round "6"]
[White "Dvoirys,S"]
[Black "Akhmetov,A"]
[Result "1-0"]
[WhiteElo "2563"]
[BlackElo "2482"]
[EventDate "2002.02.04"]

1. e4 e5 2. Nf3 Nc6 3. Bb5 Nf6 4. d3 d6 5. c3 g6 6. Nbd2 Bg7 7. O-O O-O 8.
Re1 Bd7 9. a4 Qe7 10. a5 a6 11. Bc4 Rae8 12. Nf1 Qd8 13. Ng3 Qc8 14. Bb3
Kh8 15. h3 Ng8 16. d4 exd4 17. cxd4 f5 18. exf5 Bxf5 19. Be3 Nge7 20. Qd2
d5 21. Bf4 Be6 22. Re2 Nf5 23. Nxf5 Rxf5 24. Bc2 Rf7 25. Ba4 Ref8 26. Bxc6
Rxf4 27. Bxb7 Qd7 28. Ra3 Bxh3 29. Ne5 Bxe5 30. dxe5 Bg4 31. e6 Bxe6 32.
Bxa6 d4 33. Bb7 Bc4 34. a6 c5 1-0

[Event "Aeroflot Open"]
[Site "Moscow RUS"]
[Date "2002.02.08"]
[Round "6"]
[White "Gershon,A"]
[Black "Shinkevich,V"]
[Result "1-0"]
[WhiteElo "2558"]
[BlackElo "2480"]
[EventDate "2002.02.04"]

1. d4 d5 2. c4 c6 3. Nf3 Nf6 4. Nc3 e6 5. Bg5 h6 6. Bh4 dxc4 7. e4 g5 8.
Bg3 b5 9. Be2 Bb7 10. e5 Nh5 11. Nxg5 Nxg3 12. Nxf7 Kxf7 13. fxg3 Kg8 14.
O-O Na6 15. Ne4 Bg7 16. Bh5 Rh7 17. Bg6 Qd5 18. Bxh7+ Kxh7 19. Nf6+ Bxf6
20. Qc2+ Kg8 21. Rxf6 Qxd4+ 22. Kh1 Qd3 23. Qf2 Rd8 24. Rf1 1-0

[Event "Aeroflot Open"]
[Site "Moscow RUS"]
[Date "2002.02.08"]
[Round "6"]
[White "Bocharov,D"]
[Black "Sadvakasov,D"]
[Result "1/2-1/2"]
[WhiteElo "2452"]
[BlackElo "2555"]
[EventDate "2002.02.04"]

1. d4 Nf6 2. Nf3 e6 3. c4 b6 4. Nc3 Bb7 5. a3 d5 6. cxd5 Nxd5 7. Bd2 Nd7 8.
Qc2 c5 9. Nxd5 exd5 10. e3 Be7 11. Bd3 g6 12. dxc5 bxc5 13. h4 Qb6 14. h5
Bf6 15. hxg6 hxg6 16. Rxh8+ Bxh8 17. Bc3 Bf6 18. Bxf6 Nxf6 19. O-O-O c4 20.
Bf1 Rc8 21. Nd4 Qa5 22. f3 Bc6 23. Qc3 Qxc3+ 24. bxc3 Ba4 25. Rd2 Rb8 26.
Rb2 Rxb2 27. Kxb2 Ke7 28. Kc1 Kd6 29. Be2 Nh5 30. g4 Ng7 31. f4 f6 32. Kd2
g5 33. Ke1 Ne6 34. Nxe6 Kxe6 35. Kf2 Kd6 36. Bf3 Kc5 37. Ke2 Bd7 38. f5
1/2-1/2

[Event "Aeroflot Open"]
[Site "Moscow RUS"]
[Date "2002.02.08"]
[Round "6"]
[White "Khurtsidze,N"]
[Black "Balashov,Y"]
[Result "1-0"]
[WhiteElo "2434"]
[BlackElo "2545"]
[EventDate "2002.02.04"]

1. d4 e6 2. c4 Bb4+ 3. Nc3 c5 4. e3 Nc6 5. Nf3 Nf6 6. Bd3 d5 7. a3 Bxc3+ 8.
bxc3 O-O 9. O-O dxc4 10. Bxc4 Qc7 11. Be2 e5 12. d5 e4 13. dxc6 Ng4 14. g3
exf3 15. Bxf3 Ne5 16. Bg2 b6 17. Qa4 Rd8 18. Qf4 Ba6 19. c4 Rac8 20. Bb2
Nxc4 21. Qxc7 Rxc7 22. Rfd1 Re8 23. Bc3 Bb5 24. Bf1 Rxc6 25. a4 Ba6 26. Rd7
Bc8 27. Rxa7 Be6 28. Rc1 Nd6 29. Rd1 Nc8 30. Rb7 c4 31. Bg2 Rc5 32. Bb4 Re5
33. Bc6 1-0

[Event "Aeroflot Open"]
[Site "Moscow RUS"]
[Date "2002.02.08"]
[Round "6"]
[White "Geller,J"]
[Black "Poluljahov,A"]
[Result "0-1"]
[WhiteElo "2417"]
[BlackElo "2527"]
[EventDate "2002.02.04"]

1. e4 c5 2. f4 g6 3. Nf3 Bg7 4. Nc3 d6 5. Bc4 Nc6 6. O-O e6 7. d3 Nge7 8.
Qe1 O-O 9. f5 gxf5 10. Qh4 fxe4 11. dxe4 Nd4 12. Qh5 f6 13. Bh6 Nec6 14.
Nxd4 Nxd4 15. e5 dxe5 16. Ne4 f5 17. c3 b5 18. Bd3 c4 19. Bb1 Ne2+ 20. Kh1
Nf4 21. Bxf4 exf4 22. Bc2 fxe4 23. Bxe4 Rf5 24. Bxf5 exf5 25. Rad1 Qf8 26.
Rfe1 Bb7 27. Rd7 Bc6 28. Rb7 Be4 29. Rd1 Bd3 30. Re1 Be4 31. Rd1 Qe8 32.
Qh4 Bxg2+ 33. Kxg2 Qe2+ 34. Qf2 f3+ 0-1

[Event "Aeroflot Open"]
[Site "Moscow RUS"]
[Date "2002.02.08"]
[Round "6"]
[White "Galliamova,A"]
[Black "Zulfugarli,M"]
[Result "0-1"]
[WhiteElo "2514"]
[BlackElo "2430"]
[EventDate "2002.02.04"]

1. d4 Nf6 2. c4 g6 3. Nc3 Bg7 4. e4 d6 5. f3 O-O 6. Nge2 c5 7. Be3 Nc6 8.
d5 Ne5 9. Ng3 e6 10. Be2 exd5 11. cxd5 h5 12. O-O Nh7 13. Nh1 f5 14. Qd2
fxe4 15. Nxe4 b5 16. Bh6 Qb6 17. Bxg7 Kxg7 18. Nhf2 c4 19. Kh1 Rb8 20. f4
Nd7 21. Rae1 Ndf6 22. Bd1 Bf5 23. Ng5 Rbe8 24. h3 Nxg5 25. fxg5 Nd7 26.
Rxe8 Rxe8 27. Bc2 Qe3 28. Qd1 Bxc2 29. Qxc2 Qe2 30. Qc3+ Ne5 31. Kg1 Rf8
32. Qa5 Rf7 33. Qxb5 Qe3 34. Qb4 Nd3 35. Qxd6 Nxf2 0-1

[Event "Aeroflot Open"]
[Site "Moscow RUS"]
[Date "2002.02.08"]
[Round "6"]
[White "Lugovoi,A"]
[Black "Kim,A"]
[Result "1-0"]
[WhiteElo "2510"]
[BlackElo "2414"]
[EventDate "2002.02.04"]

1. d4 f5 2. g3 Nf6 3. Bg2 g6 4. Nf3 Bg7 5. O-O O-O 6. c4 d6 7. Nc3 Nc6 8.
d5 Ne5 9. Qb3 h6 10. Nd4 Nh5 11. f4 Ng4 12. Rd1 a6 13. h3 Ngf6 14. Kh2 Qe8
15. c5 Kh8 16. Qc4 Bd7 17. cxd6 cxd6 18. Qd3 b5 19. Ne6 Bxe6 20. dxe6 Rc8
21. e3 Rc5 22. Bf3 g5 23. Bd2 g4 24. hxg4 Nxg4+ 25. Bxg4 fxg4 26. Ne4 Rcf5
27. Nf2 Rc5 28. Rac1 Nf6 29. e4 Qc8 30. f5 Qb7 31. Rxc5 dxc5 32. Bc3 h5 33.
Qe3 Kh7 34. Qg5 c4 35. Rd7 Qb6 36. Bd4 1-0

[Event "Aeroflot Open"]
[Site "Moscow RUS"]
[Date "2002.02.08"]
[Round "6"]
[White "Avrukh,B"]
[Black "Zavgorodniy,S"]
[Result "1-0"]
[WhiteElo "2591"]
[BlackElo "2407"]
[EventDate "2002.02.04"]

1. d4 Nf6 2. c4 e6 3. Nf3 b6 4. Nc3 Bb7 5. a3 d5 6. Qc2 Nbd7 7. cxd5 Nxd5
8. Nxd5 exd5 9. Bg5 f6 10. Bf4 Bd6 11. Bxd6 cxd6 12. e3 Rc8 13. Qa4 a6 14.
Bd3 O-O 15. Bf5 b5 16. Qb4 Qe7 17. Nd2 g6 18. Bd3 Nb8 19. Nb3 Nc6 20. Qd2
Qc7 21. O-O Qb6 22. Be2 Rc7 23. Bf3 Ne7 24. Nc1 Rfc8 25. Nd3 Rc2 26. Qd1 a5
27. Re1 R8c7 28. Re2 Rxe2 29. Qxe2 Bc8 30. Nf4 Qc6 31. Qe1 a4 32. Ne2 Qb6
33. Nc3 Bb7 34. Be2 Bc6 35. Na2 Bb7 36. Qb4 Rc2 37. Nc3 1-0

[Event "Aeroflot Open"]
[Site "Moscow RUS"]
[Date "2002.02.08"]
[Round "6"]
[White "Kalinin,Al"]
[Black "Zaitsev,I"]
[Result "1-0"]
[WhiteElo "2512"]
[BlackElo "2444"]
[EventDate "2002.02.04"]

1. e4 e5 2. Nf3 Nc6 3. Bb5 a6 4. Ba4 Nf6 5. O-O Be7 6. Re1 b5 7. Bb3 O-O 8.
a4 Bb7 9. d3 d6 10. Nbd2 Nd7 11. c3 Nc5 12. Bc2 Nxa4 13. Bxa4 bxa4 14. Qxa4
Kh8 15. d4 exd4 16. cxd4 a5 17. d5 Nb4 18. Nd4 Bf6 19. N2f3 Re8 20. Bd2 Nd3
21. Re3 Nc5 22. Qc2 a4 23. Rc1 Qd7 24. Bb4 Bxd4 25. Nxd4 c6 26. dxc6 Bxc6
27. Nxc6 Qxc6 28. e5 Qb7 29. exd6 Qxb4 1-0

[Event "Aeroflot Open"]
[Site "Moscow RUS"]
[Date "2002.02.08"]
[Round "6"]
[White "Korobov,A"]
[Black "Bar,R"]
[Result "1/2-1/2"]
[WhiteElo "2511"]
[BlackElo "2418"]
[EventDate "2002.02.04"]

1. d4 Nf6 2. c4 e6 3. Nc3 Bb4 4. e3 b6 5. Nge2 Ne4 6. Qc2 Bb7 7. a3 Bxc3+
8. Nxc3 Nxc3 9. Qxc3 Qh4 10. b4 d6 11. Bb2 Nd7 12. c5 Bd5 13. cxd6 cxd6 14.
Bb5 Ke7 15. Rc1 Rhd8 16. Bxd7 Rxd7 17. O-O Bxg2 18. Kxg2 1/2-1/2

[Event "Aeroflot Open"]
[Site "Moscow RUS"]
[Date "2002.02.08"]
[Round "6"]
[White "Mirovshchikov,S"]
[Black "Chernikov,O"]
[Result "1/2-1/2"]
[WhiteElo "2402"]
[BlackElo "2460"]
[EventDate "2002.02.04"]

1. Nf3 c5 2. c4 Nc6 3. Nc3 g6 4. g3 Bg7 5. Bg2 d6 6. O-O Rb8 7. e3 Nf6 8.
d4 O-O 9. Qe2 a6 10. Rd1 Qb6 11. b3 Qa5 12. Bb2 Re8 13. dxc5 Qxc5 14. Nd5
Nxd5 15. cxd5 Ne5 16. Rac1 Qb6 17. Nxe5 Bxe5 18. Bxe5 dxe5 19. Qc4 Qd6 20.
Qc7 Bd7 21. Qxd6 exd6 22. Rc7 Red8 23. f4 exf4 24. exf4 Bg4 25. Rdc1 h5 26.
h3 Bf5 27. Kf2 Rbc8 28. Bf1 Rxc7 29. Rxc7 Rd7 30. Rc8+ Kg7 31. a4 Kf6 32.
a5 Re7 33. Rd8 Rd7 34. Rc8 Re7 35. Rd8 1/2-1/2

[Event "Aeroflot Open"]
[Site "Moscow RUS"]
[Date "2002.02.08"]
[Round "6"]
[White "Meshkov,Y"]
[Black "Firman,N"]
[Result "0-1"]
[WhiteElo "2407"]
[BlackElo "2485"]
[EventDate "2002.02.04"]

1. e4 d6 2. d4 Nf6 3. Nc3 g6 4. Nf3 Bg7 5. Be2 c6 6. a4 a5 7. O-O O-O 8. h3
Na6 9. Bf4 Nb4 10. Re1 Nh5 11. Be3 Qc7 12. Qd2 e5 13. Rac1 Bd7 14. Red1
Rfd8 15. Bc4 Be8 16. g4 Nf6 17. dxe5 dxe5 18. Qe2 h5 19. Ne1 hxg4 20. hxg4
Bd7 21. f3 Be6 22. Bxe6 fxe6 23. Qc4 Qf7 24. Ne2 Bf8 25. Kg2 Bd6 26. Bb6
Rd7 27. c3 Nbd5 28. exd5 exd5 29. Qb3 e4 30. c4 Re8 31. cxd5 Nxd5 32. Rxd5
cxd5 33. Rc2 Bb4 34. Nc3 d4 35. Qxf7+ Kxf7 36. fxe4 dxc3 37. bxc3 Rxe4 38.
Nf3 Be7 39. Bxa5 Rxg4+ 0-1

[Event "Aeroflot Open"]
[Site "Moscow RUS"]
[Date "2002.02.08"]
[Round "6"]
[White "Zilberman,Y"]
[Black "Obodchuk,A"]
[Result "1/2-1/2"]
[WhiteElo "2466"]
[BlackElo "2438"]
[EventDate "2002.02.04"]

1. d4 Nf6 2. c4 g6 3. Nc3 d5 4. Nf3 Bg7 5. Bg5 Ne4 6. cxd5 Nxg5 7. Nxg5 e6
8. Qd2 exd5 9. Qe3+ Kf8 10. g3 Bf6 11. h4 Nc6 12. O-O-O Kg7 13. Bg2 h6 14.
Nf3 Re8 15. Qf4 g5 16. hxg5 hxg5 17. Qd2 Bf5 18. e3 Nb4 19. Qe2 c5 20. dxc5
Qa5 21. Nd4 Bxd4 22. Rxd4 Nxa2+ 23. Nxa2 Qxa2 24. Bxd5 Qb1+ 25. Kd2 Qxb2+
26. Ke1 Qc3+ 27. Qd2 Qa1+ 28. Ke2 Qa6+ 29. Kf3 Qf6 30. Kg2 Rac8 31. Qb4 b6
32. cxb6 axb6 33. g4 Bg6 34. Rh3 Rh8 35. Rxh8 Rxh8 36. Bf3 Qe5 37. Qxb6
Qh2+ 38. Kf1 Rb8 39. Qd6 Rb1+ 40. Bd1 Qxd6 41. Rxd6 Bc2 42. Ke2 Bxd1+ 43.
Rxd1 Rb2+ 44. Rd2 Rb1 45. Kf3 Kg6 46. Rd6+ f6 47. Ke4 Rb4+ 48. Rd4 Rb2 49.
f3 Rb5 50. Rc4 Ra5 51. f4 gxf4 52. exf4 f5+ 53. gxf5+ Rxf5 54. Rc8 Ra5 55.
Rc6+ Kf7 56. Kf3 Rb5 57. Kg4 Ra5 58. f5 Ra1 1/2-1/2

[Event "Aeroflot Open"]
[Site "Moscow RUS"]
[Date "2002.02.08"]
[Round "6"]
[White "Isaev,J"]
[Black "Janssen,R"]
[Result "0-1"]
[WhiteElo "2455"]
[BlackElo "2476"]
[EventDate "2002.02.04"]

1. e4 c6 2. d4 d5 3. exd5 cxd5 4. c4 Nf6 5. Nc3 e6 6. c5 Be7 7. Nf3 O-O 8.
Bd3 b6 9. b4 a5 10. Na4 Nbd7 11. Qc2 axb4 12. c6 b3 13. Qxb3 Nb8 14. Nxb6
Ra5 15. a4 Nxc6 16. Bd2 Bb4 17. Nxc8 Bxd2+ 18. Kxd2 Ne4+ 19. Ke2 Qxc8 20.
Rhc1 Qa8 21. Bb5 Na7 22. Bd7 Nc8 23. Ne5 Ncd6 24. Nc6 Ra7 25. Nxa7 Qxa7 26.
Bc6 Qxd4 27. Qe3 Qe5 28. Kf1 Nf5 29. Qe1 Qxh2 30. Ra3 Qh1+ 31. Ke2 Nd4+ 32.
Kd3 Qxe1 33. Rxe1 Nxc6 34. f3 Nd6 35. Rb1 Nc4 36. Ra2 g5 37. Rb5 Kg7 38.
Ra1 h5 39. Rc5 N6a5 40. Rb1 Kf6 41. Kd4 Kf5 42. Rbb5 Ra8 43. Rc7 f6 44. g3
Ne5 45. Kc3 Ra6 0-1

[Event "Aeroflot Open"]
[Site "Moscow RUS"]
[Date "2002.02.08"]
[Round "6"]
[White "Varavin,V"]
[Black "Erenburg,S"]
[Result "1-0"]
[WhiteElo "2484"]
[BlackElo "2436"]
[EventDate "2002.02.04"]

1. e4 c6 2. d4 d5 3. Nd2 dxe4 4. Nxe4 Bf5 5. Ng3 Bg6 6. h4 h6 7. N1e2 e6 8.
Nf4 Bh7 9. Bc4 Nf6 10. Nfh5 Nbd7 11. c3 Nxh5 12. Nxh5 Nf6 13. Bf4 Nxh5 14.
Qxh5 Bd6 15. Bxd6 Qxd6 16. O-O O-O 17. Rfe1 Rfd8 18. Re5 Rd7 19. Rae1 Kh8
20. b4 Rad8 21. a4 Qe7 22. a5 1-0

[Event "Aeroflot Open"]
[Site "Moscow RUS"]
[Date "2002.02.09"]
[Round "7"]
[White "Moiseenko,A"]
[Black "Tkachiev,V"]
[Result "1/2-1/2"]
[WhiteElo "2559"]
[BlackElo "2634"]
[EventDate "2002.02.04"]

1. d4 Nf6 2. c4 e6 3. Nc3 Bb4 4. g3 c5 5. Nf3 cxd4 6. Nxd4 O-O 7. Bg2 d5 8.
Qb3 Bxc3+ 9. Qxc3 e5 10. Nb3 dxc4 11. Qxc4 1/2-1/2

[Event "Aeroflot Open"]
[Site "Moscow RUS"]
[Date "2002.02.09"]
[Round "7"]
[White "Fedorov,Alex"]
[Black "Akopian,V"]
[Result "1/2-1/2"]
[WhiteElo "2589"]
[BlackElo "2680"]
[EventDate "2002.02.04"]

1. e4 e6 2. d4 d5 3. Nc3 Nf6 4. e5 Nfd7 5. f4 c5 6. Nf3 Nc6 7. Be3 cxd4 8.
Nxd4 Bc5 9. Qd2 O-O 10. O-O-O a6 11. h4 Nxd4 12. Bxd4 b5 13. Rh3 b4 14. Na4
Bxd4 15. Qxd4 a5 16. Bb5 Rb8 17. Bd3 Qc7 18. h5 Bb7 19. Re3 Bc6 20. Nc5
Nxc5 21. Qxc5 Rfc8 22. f5 Bb5 1/2-1/2

[Event "Aeroflot Open"]
[Site "Moscow RUS"]
[Date "2002.02.09"]
[Round "7"]
[White "Timofeev,An"]
[Black "Dolmatov,S"]
[Result "1/2-1/2"]
[WhiteElo "2320"]
[BlackElo "2588"]
[EventDate "2002.02.04"]

1. e4 e6 2. d4 d5 3. Nd2 c5 4. Ngf3 cxd4 5. exd5 exd5 6. Be2 Nf6 7. O-O Nc6
8. Nb3 Be7 9. Nbxd4 O-O 10. c3 Re8 11. Bg5 h6 12. Bh4 g5 13. Bg3 Ne4 14.
Qa4 Bd7 15. Bb5 Nc5 16. Qc2 Bf6 17. Rad1 Qb6 18. a4 a6 19. a5 Qd8 20. Bxc6
bxc6 21. Nd2 Ne4 22. Nxe4 Rxe4 23. f3 Re8 24. b4 Bxd4+ 25. Rxd4 Qf6 26. f4
Bf5 1/2-1/2

[Event "Aeroflot Open"]
[Site "Moscow RUS"]
[Date "2002.02.09"]
[Round "7"]
[White "Nadanian,A"]
[Black "Sulskis,S"]
[Result "1/2-1/2"]
[WhiteElo "2407"]
[BlackElo "2579"]
[EventDate "2002.02.04"]

1. d4 Nf6 2. c4 e6 3. Nf3 b6 4. g3 Bb7 5. Bg2 Bb4+ 6. Bd2 c5 7. Bxb4 cxb4
8. O-O O-O 9. a3 Qe7 10. Qb3 Nc6 11. Rd1 Na5 12. Qxb4 Qxb4 13. axb4 Nxc4
14. Ne5 Bxg2 15. Nxc4 Bd5 16. Ne3 1/2-1/2

[Event "Aeroflot Open"]
[Site "Moscow RUS"]
[Date "2002.02.09"]
[Round "7"]
[White "Eljanov,P"]
[Black "Lastin,A"]
[Result "1-0"]
[WhiteElo "2540"]
[BlackElo "2630"]
[EventDate "2002.02.04"]

1. d4 d5 2. c4 c6 3. Nf3 e6 4. Qc2 dxc4 5. Qxc4 Nf6 6. Bg5 b5 7. Qc2 Bb7 8.
Nbd2 Nbd7 9. e4 h6 10. Bxf6 Nxf6 11. Bd3 Qb6 12. Rc1 Nd7 13. Nb3 Bb4+ 14.
Ke2 O-O 15. a3 Be7 16. Rhd1 Rfd8 17. e5 Rac8 18. Nc5 b4 19. Qc4 bxa3 20. b4
Nb8 21. Rc3 Bxc5 22. bxc5 Qb2+ 23. Rd2 Ba6 24. Rxb2 Bxc4 25. Rxa3 Bxd3+ 26.
Kxd3 Rc7 27. Kc4 f6 28. Rba2 a6 29. Rb2 Kf7 30. Rb6 Ke7 31. exf6+ gxf6 32.
Rab3 Nd7 33. Rxa6 Rg8 34. g3 Rg4 1-0

[Event "Aeroflot Open"]
[Site "Moscow RUS"]
[Date "2002.02.09"]
[Round "7"]
[White "Socko,B"]
[Black "Yagupov,I"]
[Result "0-1"]
[WhiteElo "2585"]
[BlackElo "2466"]
[EventDate "2002.02.04"]

1. g3 d5 2. Bg2 c6 3. Nf3 Bg4 4. d3 Nd7 5. h3 Bh5 6. g4 Bg6 7. Nh4 e5 8.
Nxg6 hxg6 9. c4 dxc4 10. dxc4 f5 11. Nc3 Nh6 12. Be3 Bc5 13. Qd2 Nf7 14.
O-O-O Bxe3 15. Qxe3 Qe7 16. Rd2 Nc5 17. gxf5 gxf5 18. Qf3 g6 19. Qg3 g5 20.
Nd1 Nd6 21. Rc2 Rh4 22. b3 O-O-O 23. Nb2 Nde4 24. Qe3 Kb8 25. Rd1 Rxd1+ 26.
Nxd1 f4 27. Qf3 g4 28. hxg4 Rh2 29. b4 Ng5 30. Qc3 Rxg2 31. bxc5 Qxc5 32.
Rd2 Rxg4 33. Qd3 a6 34. Rb2 Qe7 35. Nc3 Rg1+ 36. Kc2 Ne6 37. Ne4 Nd4+ 38.
Kd2 Qd8 39. Nc3 Rf1 40. Ne4 Qa5+ 41. Qc3 Qd8 42. Qd3 Ka8 43. c5 Qa5+ 44.
Qc3 Qa4 45. Kd3 Qd1+ 46. Qd2 Qa4 47. Qb4 Qb5+ 48. Qxb5 cxb5 49. f3 Rd1+ 50.
Nd2 Rc1 51. Ne4 Kb8 52. Kd2 Rc4 53. Rb1 Ne6 54. Rh1 Nxc5 55. Nf6 Ra4 56.
Rh8+ Ka7 57. Re8 Rxa2+ 58. Ke1 b4 59. Rxe5 b3 60. Nd5 b2 61. Nc3 Na4 0-1

[Event "Aeroflot Open"]
[Site "Moscow RUS"]
[Date "2002.02.09"]
[Round "7"]
[White "Volkov,S"]
[Black "Beshukov,S"]
[Result "1-0"]
[WhiteElo "2567"]
[BlackElo "2465"]
[EventDate "2002.02.04"]

1. d4 d5 2. c4 e6 3. Nc3 c6 4. e4 dxe4 5. Nxe4 Bb4+ 6. Bd2 Qxd4 7. Bxb4
Qxe4+ 8. Be2 Na6 9. Ba5 Bd7 10. Nf3 Nf6 11. Qd6 Qf5 12. Ne5 Qxf2+ 13. Kxf2
Ne4+ 14. Kf3 Nxd6 15. Rhd1 Ke7 16. c5 Nxc5 17. Bb4 b6 18. Rac1 Nce4 19. Bd3
Ng5+ 20. Kf4 c5 21. Nxd7 cxb4 22. Ne5 f6 23. Rc7+ Kf8 24. Bc2 Ngf7 25. Nxf7
Nxf7 26. Rdd7 g5+ 27. Ke4 f5+ 28. Ke3 Nh6 29. Kd4 1-0

[Event "Aeroflot Open"]
[Site "Moscow RUS"]
[Date "2002.02.09"]
[Round "7"]
[White "Turov,M"]
[Black "Pogorelov,R"]
[Result "1/2-1/2"]
[WhiteElo "2563"]
[BlackElo "2460"]
[EventDate "2002.02.04"]

1. d4 Nf6 2. c4 e6 3. Nc3 Bb4 4. Qc2 O-O 5. a3 Bxc3+ 6. Qxc3 b6 7. Bg5 Bb7
8. f3 h6 9. Bh4 d5 10. cxd5 exd5 11. e3 Re8 12. Bf2 c5 13. Bb5 Bc6 14. Bd3
cxd4 15. Qxd4 Bd7 16. Ne2 Nc6 17. Qc3 Ne5 18. O-O Rc8 19. Qd2 Nc4 20. Bxc4
dxc4 21. e4 Be6 22. Qc3 Nd7 23. Rfd1 Qe7 24. Rd2 Nc5 25. Bxc5 Qxc5+ 26. Qd4
b5 27. Rad1 a5 28. Qxc5 Rxc5 29. Rd6 f5 30. Nd4 Bc8 31. Nc6 fxe4 32. Rd8
Rxd8 33. Rxd8+ Kh7 34. Rxc8 b4 35. axb4 1/2-1/2

[Event "Aeroflot Open"]
[Site "Moscow RUS"]
[Date "2002.02.09"]
[Round "7"]
[White "Riazantsev,A"]
[Black "Macieja,B"]
[Result "1-0"]
[WhiteElo "2511"]
[BlackElo "2612"]
[EventDate "2002.02.04"]

1. d4 Nf6 2. c4 g6 3. Nc3 d5 4. Nf3 Bg7 5. Bf4 c5 6. dxc5 Qa5 7. cxd5 Nxd5
8. Qxd5 Bxc3+ 9. Bd2 Be6 10. Qxb7 Bxd2+ 11. Nxd2 O-O 12. b4 Qa4 13. e3 Nd7
14. a3 Rfd8 15. Qa6 Qc2 16. Qd3 Qxd3 17. Bxd3 Nxc5 18. Bc2 Nd3+ 19. Bxd3
Rxd3 20. Nf3 a5 21. b5 a4 22. O-O Bb3 23. Rfc1 Rb8 24. Rc5 f6 25. Nd4 e5
26. Nc6 Rb6 27. h4 Be6 28. Nb4 Rd7 29. Rc6 Rdb7 30. Rd1 Bf7 31. Rdd6 Rxb5
32. Rxf6 Rd7 33. Ra6 Bb3 34. Rfe6 Rd1+ 35. Kh2 1-0

[Event "Aeroflot Open"]
[Site "Moscow RUS"]
[Date "2002.02.09"]
[Round "7"]
[White "Ivanov,AV"]
[Black "Podgaets,M"]
[Result "1/2-1/2"]
[WhiteElo "2578"]
[BlackElo "2490"]
[EventDate "2002.02.04"]

1. e4 c6 2. d4 d5 3. Nd2 dxe4 4. Nxe4 Nd7 5. Bc4 Ngf6 6. Ng5 e6 7. Qe2 Nb6
8. Bb3 h6 9. N5f3 c5 10. Be3 Qc7 11. Ne5 a6 12. Ngf3 Nbd5 13. Bd2 cxd4 14.
Nxd4 Bc5 15. Ndf3 b5 16. c4 bxc4 17. Ba4+ Kf8 18. O-O Bb7 19. Rac1 Nb6 20.
Ba5 Qe7 21. Bc6 1/2-1/2

[Event "Aeroflot Open"]
[Site "Moscow RUS"]
[Date "2002.02.09"]
[Round "7"]
[White "Rashkovsky,N"]
[Black "Galkin,A"]
[Result "0-1"]
[WhiteElo "2505"]
[BlackElo "2570"]
[EventDate "2002.02.04"]

1. d4 d5 2. Nf3 c6 3. c4 e6 4. Nbd2 f5 5. g3 Nf6 6. Bg2 Bd6 7. O-O O-O 8.
b3 b6 9. Bb2 Bb7 10. Ne5 Qe7 11. Rc1 a5 12. a4 Na6 13. cxd5 cxd5 14. Nb1
Nb4 15. Nc3 Ba6 16. Qd2 Rac8 17. Nb5 Bxb5 18. axb5 Bxe5 19. dxe5 Nd7 20.
Qe3 Rc5 21. Bd4 Rxb5 22. g4 f4 23. Qh3 Nc5 24. g5 Nc6 25. e3 Nxd4 26. exd4
Nxb3 27. Rb1 0-1

[Event "Aeroflot Open"]
[Site "Moscow RUS"]
[Date "2002.02.09"]
[Round "7"]
[White "Lerner,K"]
[Black "Gagunashvili,M"]
[Result "1/2-1/2"]
[WhiteElo "2569"]
[BlackElo "2486"]
[EventDate "2002.02.04"]

1. c4 e5 2. g3 Nc6 3. Bg2 g6 4. Nc3 Bg7 5. Rb1 a5 6. a3 f5 7. d3 d6 8. b4
axb4 9. axb4 Nf6 10. b5 Ne7 11. Nf3 O-O 12. Qb3 h6 13. c5+ Kh7 14. O-O e4
15. cxd6 Qxd6 16. Bf4 Qa3 17. dxe4 Qxb3 18. Rxb3 Nxe4 19. Nxe4 fxe4 20. Nd2
Nd5 21. Nxe4 Nxf4 22. gxf4 Rxf4 23. e3 Rf7 24. Nc5 Rf5 25. Bxb7 Bxb7 26.
Nxb7 Rb8 27. Na5 Rg5+ 28. Kh1 Rbxb5 29. Rxb5 Rxb5 30. Nc4 Rc5 31. Rc1 g5
32. h3 Kg6 33. Kg2 h5 34. Kf3 Kf5 35. Rc2 g4+ 36. hxg4+ hxg4+ 37. Ke2 Bf6
38. Kd3 Rd5+ 39. Ke2 Rc5 40. Rc1 Bb2 41. Rc2 Bf6 42. Kf1 Be7 43. Kg2 Ke4
44. Nd2+ Kd3 45. Ra2 Rc2 46. Rxc2 Kxc2 47. Nc4 Kb3 48. Na5+ Ka4 49. Nc6 Bd6
50. f3 gxf3+ 51. Kxf3 Kb5 52. Nd4+ Kc4 53. Ne6 Kd5 54. Nxc7+ 1/2-1/2

[Event "Aeroflot Open"]
[Site "Moscow RUS"]
[Date "2002.02.09"]
[Round "7"]
[White "Prokopchuk,E"]
[Black "Kogan,A"]
[Result "1-0"]
[WhiteElo "2508"]
[BlackElo "2568"]
[EventDate "2002.02.04"]

1. e4 c5 2. Nf3 d6 3. d4 Nf6 4. Nc3 cxd4 5. Nxd4 Nbd7 6. Be3 a6 7. f3 Nb6
8. Qd2 e5 9. Nb3 Be6 10. O-O-O Rc8 11. g4 Qc7 12. Kb1 Be7 13. h4 d5 14.
Bxb6 Qxb6 15. g5 d4 16. gxf6 dxc3 17. fxg7 Rg8 18. Qh6 Bc5 19. Bh3 Bxh3 20.
Qxh7 Ke7 21. Rxh3 a5 22. a4 Bd4 23. Rhh1 Qb4 24. Qf5 b5 25. Rxd4 exd4 26.
Qe5+ Kd7 27. Rd1 Rc4 28. Qd5+ Ke7 29. bxc3 Qxc3 30. Nxd4 Rb4+ 31. Nb3 Qc7
32. c3 Rxa4 33. Nd4 Rc4 34. Nf5+ Kf6 35. Qd2 Ke6 36. Qh6+ f6 37. Rd6+ Ke5
38. Qxf6+ Kf4 39. Qg5+ Kxf3 40. Qe3+ 1-0

[Event "Aeroflot Open"]
[Site "Moscow RUS"]
[Date "2002.02.09"]
[Round "7"]
[White "Belov,Vl"]
[Black "Dvoirys,S"]
[Result "0-1"]
[WhiteElo "2487"]
[BlackElo "2563"]
[EventDate "2002.02.04"]

1. e4 c5 2. Nf3 d6 3. d4 cxd4 4. Nxd4 Nf6 5. Nc3 a6 6. Bc4 e6 7. Bb3 Nbd7
8. f4 Nc5 9. O-O Be7 10. e5 dxe5 11. fxe5 Nfd7 12. Qh5 g6 13. Qe2 Qc7 14.
Bh6 Bf8 15. Nd5 exd5 16. e6 Bxh6 17. exd7+ Kd8 18. dxc8=Q+ Rxc8 19. Rad1
Nxb3 20. Nxb3 Qb6+ 21. Kh1 Rc7 0-1

[Event "Aeroflot Open"]
[Site "Moscow RUS"]
[Date "2002.02.09"]
[Round "7"]
[White "Shushpanov,R"]
[Black "Gershon,A"]
[Result "1/2-1/2"]
[WhiteElo "2460"]
[BlackElo "2558"]
[EventDate "2002.02.04"]

1. d4 Nf6 2. Nf3 e6 3. c4 b6 4. e3 Bb7 5. Bd3 Be7 6. O-O O-O 7. Nc3 d5 8.
Qe2 Nbd7 9. e4 dxe4 10. Nxe4 c5 11. dxc5 Nxe4 12. Bxe4 Bxe4 13. Qxe4 Nxc5
14. Qe2 Qd3 15. Re1 Rfd8 16. Be3 Bf6 17. Rab1 Na4 18. h3 Rac8 19. Qxd3 Rxd3
20. b3 Nc3 21. Rb2 Rcd8 22. Rc2 Rd1 23. Rxd1 Rxd1+ 24. Kh2 Ra1 25. c5 bxc5
1/2-1/2

[Event "Aeroflot Open"]
[Site "Moscow RUS"]
[Date "2002.02.09"]
[Round "7"]
[White "Goloshchapov,A"]
[Black "Khurtsidze,N"]
[Result "1-0"]
[WhiteElo "2545"]
[BlackElo "2434"]
[EventDate "2002.02.04"]

1. e4 c5 2. Nf3 d6 3. d4 cxd4 4. Nxd4 Nf6 5. Nc3 Nc6 6. Bg5 e6 7. Qd2 a6 8.
O-O-O Nxd4 9. Qxd4 Be7 10. f3 b5 11. h4 Qc7 12. Qd2 Bb7 13. Ne2 d5 14. e5
Nd7 15. Bxe7 Kxe7 16. f4 h6 17. Nd4 Rac8 18. Bd3 Nc5 19. Rh3 Rhd8 20. g4
Ne4 21. Qe1 Qc5 22. Bxe4 dxe4 23. Rc3 Qb6 24. Rxc8 Rxc8 25. Qb4+ Qc5 26.
Qxc5+ Rxc5 27. Nb3 Rc8 28. Rd6 e3 29. Nd4 Rc4 30. b3 Rc5 31. g5 hxg5 32.
hxg5 Be4 33. Rxa6 b4 34. Kd1 Rd5 35. Ra7+ Ke8 36. Ke2 Bxc2 37. Kxe3 Bb1 38.
Nc6 Rd3+ 39. Ke2 g6 40. Rb7 Rc3 41. Nxb4 Bxa2 42. Nxa2 Rc2+ 43. Kd3 Rxa2
44. Rc7 Rb2 45. Kc3 Rb1 46. Rc4 Kd7 47. Kb4 Rb2 48. Ka4 Ra2+ 49. Kb5 Ra8
50. b4 Rb8+ 51. Ka6 Ra8+ 52. Kb7 Ra4 53. Rd4+ Ke7 54. Kb6 Ke8 55. Kc5 1-0